000
00293nam a22001337a 4500
008
170206b xxu||||| |||| 00| 0 eng d
020
_a
9781932514339
041
_a
eng
080
_a
61
100
_a
3
101
_a
SHM
245
_a
RESPIRATORY CARE LEXICON
_c
KENNETH BRETL
942
_2
udc
_c
BK
999
_c
4769
_d
4769